| 000 | 00661nam a22002177a 4500 | ||
|---|---|---|---|
| 999 |
_c58811 _d58811 |
||
| 005 | 20220915133952.0 | ||
| 008 | 220915s2020 enk||||| |||| 00| 0 eng d | ||
| 020 | _a9789389859188 | ||
| 041 | _aeng | ||
| 080 | _a612(075.8) V-38 | ||
| 100 |
_a Venkatesh, D. _914611 |
||
| 245 |
_aTextbook Of Medical Physiology _cD. Venkatesh, H.H. Sudhakar. |
||
| 250 | _aThird edition | ||
| 264 |
_aHaryanna : _bWolters Kluwer, _c2020. |
||
| 300 |
_a860 p. _bill.; _c28 cm. |
||
| 653 | _aფიზიოლოგია | ||
| 653 | _aმედიცინა | ||
| 653 | _aФизиология | ||
| 700 |
_aSudhakar, H.H. _eავტორი _914612 |
||
| 942 |
_2udc _cBK |
||